| 000 | 00589cam a2200169 a 4500 | ||
|---|---|---|---|
| 082 |
_a621.436 _bWIL _cL-TECH, P-64 |
||
| 110 | 2 |
_aOil Engine. _941830 |
|
| 245 | 1 | 4 |
_aThe oil engine manual / _cby D. S. D. Williams and J. Millar Smith of the Oil Engine Technical Staff. |
| 260 |
_aLondon : _bTemple Press, _cc1945. |
||
| 300 |
_a296 p. : _bill., ports. ; _c22 cm. |
||
| 526 |
_a0 _b0 _c0 _d621_436000000000000_WIL |
||
| 650 | 0 | _aInternal combustion engines. | |
| 650 | 0 |
_aMCE _9379 |
|
| 700 | 1 |
_aSmith, J. Millar, _941831 |
|
| 700 | 1 |
_aWilliams, Denys Stephen Dodsley, _941832 |
|
| 942 |
_2ddc _cBK |
||
| 999 |
_c545855 _d545855 |
||